Utilización del enfoque empresarial en el proceso de control de inventario de Farmacia BRAVOS'S

La realización de este trabajo radica en el mejoramiento en el proceso de control de inventario de Farmacia BRAVO, contiene diagnóstico interno y externo, diagnóstico de la situación de marketing, vector tecnológico, misión y visión, estructura orgánica, diseño de transformación, informaci...

Full description

Bibliographic Details
Main Authors: Bravo Murillo, Yessica Patricia, Castellón Zúniga, Juan Carlos., Moreno Espinoza, Marian Jessica
Other Authors: Tutor:
Format: Tesis Section = Libro
Language:Undetermined
Spanish
Published: Managua UNI 2002
Subjects:
LEADER 01124nam a2200253Ia 4500
008 240830s9999 xx 000 0 und d
040 |a BIBLIOTECA-RUPAP Mon 658.787 B826 
041 |a spa 
082 |a Mon 658.787 B826 
100 1 |a Bravo Murillo, Yessica Patricia 
100 1 |b Castellón Zúniga, Juan Carlos. 
100 1 |c Moreno Espinoza, Marian Jessica 
245 1 0 |a Utilización del enfoque empresarial en el proceso de control de inventario de Farmacia BRAVOS'S 
260 |a Managua  |b UNI  |c 2002 
300 |a 132 p. :il. 
500 |a Contiene: anexos. 
502 |a Tesis (Ingeniero de Sistemas)- UNI, 2002. 
520 3 |a La realización de este trabajo radica en el mejoramiento en el proceso de control de inventario de Farmacia BRAVO, contiene diagnóstico interno y externo, diagnóstico de la situación de marketing, vector tecnológico, misión y visión, estructura orgánica, diseño de transformación, información financiera. 
650 7 |a CONTROL DE INVENTARIOS - ESTRATEGIAS 
650 7 |b VENTAS - ESTRATEGIAS.  
700 1 |a Tutor: 
942 |c BK  |2 ddc 
991 |a TESIS 
999 |c 17597